000 00462nam a2200181Ia 4500
001 20793
005 20260306172831.0
008 260306t2014||||xx |||||||||||||| ||spa||
041 _aESP
082 _a343.8
_bB74I
100 _aBorrego Ganoza, Luciana
_eAUT
245 0 _aIncidencia tributaria de los contratos civiles y comerciales
260 _c2014
300 _a246 páginas :
_c24 cm.
650 _aGEN
654 _aCDE
942 _cLIB
_dJUS
_fJUS
_2ddc
_n
999 _c20793
_d20793